|
|
|
|
| LEADER |
00000nam2a2200000 4500 |
| 001 |
169363 |
| 005 |
20231101222824.0 |
| 035 |
|
|
|a (RuTPU)RU\TPU\book\183718
|
| 090 |
|
|
|a 169363
|
| 100 |
|
|
|a 20091111d1935 m y0rusy50 ca
|
| 101 |
0 |
|
|a rus
|
| 102 |
|
|
|a RU
|
| 105 |
|
|
|a a j 001zy
|
| 200 |
0 |
|
|a Ч. 3: Геологическая документация
|
| 210 |
|
|
|d 1935
|
| 215 |
|
|
|a 208 с.
|c ил.
|
| 317 |
|
|
|5 63413507: КР-478
|a Поступила в НТБ в 2004 г. в составе книжного собрания профессора ТПИ К. В. Радугина.
|
| 320 |
|
|
|a Библиогр. в конце гл.
|
| 330 |
|
|
|a Книга составлена по программе курса «Разведочное дело» для геологоразведочных техникумов и обнимает третью часть этого курса, посвященную геологической документации. В книге излагаются общие методы (анализ) геологоразведочного картирования и частные приемы геологической документации при технико-разведочных операциях. Текст снабжен графическим материалом и сопровождается задачами и таблицами по разным вопросам геологической документации. Являясь учебником для студентов геологоразведочных техникумов, книга будет использована в качестве пособия втузами, краеведческими организациями и практиками.
|
| 461 |
|
1 |
|0 (RuTPU)RU\TPU\book\189094
|t Разведочное дело
|o учебник
|f Н. В. Барышев, Л. А. Русинов, Б. С. Левоник
|v Ч. 3: Геологическая документация
|d 1934-
|
| 606 |
1 |
|
|a Поисково-разведочные работы
|2 stltpush
|3 (RuTPU)RU\TPU\subj\49984
|9 68744
|
| 610 |
1 |
|
|a разведочное бурение
|
| 610 |
1 |
|
|a геологическая документация
|
| 610 |
1 |
|
|a учебные пособия
|
| 610 |
1 |
|
|a полезные ископаемые
|
| 610 |
1 |
|
|a месторождения
|
| 610 |
1 |
|
|a геодезические работы
|
| 610 |
1 |
|
|a геологическое картирование
|
| 610 |
1 |
|
|a наблюдения
|
| 610 |
1 |
|
|a библиотека К. В. Радугина
|
| 675 |
|
|
|a 550.812(075.32)
|v 3
|
| 801 |
|
1 |
|a RU
|b 63413507
|c 20091111
|
| 801 |
|
2 |
|a RU
|b 63413507
|c 20130320
|g RCR
|
| 942 |
|
|
|c BK
|